01481nam a2200253 a 4500001001000000005001700010008004100027041000800068044000700076084002100083100004500104245009500149260003700244300002500281440011600306500025800422500030000680500001000980650005200990650005601042650003401098650004501132740005001177BRCA_267620190320203923.0021208s1885----sp-#---###---#000-0#spa-u aspa asp a203b.M268c18851 aCervantes Saavedra, Miguel ded1547-161610aEl Ingenioso Hidalgo Don Quijote de la Manchaccompuesto por Miguel de Cervantes Saavedra. aMadridbM. M. de Santa Anac1885 a2 v. en 4 t.c17 cm. 0aBiblioteca de la correspondencia regalo a sus suscritores : un homenaje al príncipe de los genios españoles aContenido : v 1. Primera parte. Principios de la edición príncipe. Dedicatoria del autor. Prólogo del autor. Versos preliminares. Texto. -- v 2. Segunda parte. Principios de la edició príncipe. Dedicatoria del autor. Prólogo del autor. Texto aEdición del Quijote, publicada como homenaje al Príncipe de los Ingenios españoles, si bien no hace mucho honor ni al primero ni al segundo, ya que está mal presentada y peor corregida. Impresión mala en papel inferior. Semipiel; lomeras decoradas con adornos dorados Lúdovik Osterc aQM19614aNovela españolayÉpoca clásica, 1500-170014aLiteratura españolayÉpoca clásica, 1500-170014aNovela españolaySiglo XVII14aDon Quijote (Personaje ficticio)eNovela0 aEl Ingenioso Hidalgo Don Quijote de la Mancha